Communicative english / (Record no. 101273)

MARC details
000 -LEADER
fixed length control field 00617nam a22001937a 4500
005 - DATE AND TIME OF LATEST TRANSACTION
control field 20160714101219.0
010 ## - LCCN (DPL NO)
LC control number ENG-115426
020 ## - INTERNATIONAL STANDARD BOOK NUMBER
International Standard Book Number 9788192683140
Terms of availability 250.00
035 ## - SYSTEM CONTROL NUMBER
System control number EN-98958
037 ## - SOURCE OF ACQUISITION
Source of stock number/acquisition DBAD/PUB
082 ## - DEWEY DECIMAL CLASSIFICATION NUMBER
Classification number 488.24
100 ## - MAIN ENTRY--PERSONAL NAME
Personal name Anuradha
245 ## - TITLE STATEMENT
Title Communicative english /
Statement of responsibility, etc by Anuradha and Meenal Batra
260 ## - PUBLICATION, DISTRIBUTION, ETC. (IMPRINT)
Place of publication, distribution, etc Kurushetra (Haryana)
Name of publisher, distributor, etc Nirmal Publishing House
Date of publication, distribution, etc 2014
270 ## - ADDRESS
Address opp. Kurukshetra University IIIrd Gate,
City Kurukshetra
Postal code 136119
300 ## - PHYSICAL DESCRIPTION
Extent v,138p.
Dimensions 23cm(pb)
700 ## - ADDED ENTRY--PERSONAL NAME
Personal name Batra,Meenal
942 ## - ADDED ENTRY ELEMENTS (KOHA)
Source of classification or shelving scheme Dewey Decimal Classification
Item type English Books
Classification part 488.24
Call number suffix ANU
Holdings
Withdrawn status Lost status Not for loan Collection code Home library Current library Date acquired Source of acquisition Cost, normal purchase price Full call number Barcode Copy number Cost, replacement price Koha item type
    Not For Loan Non-fiction D.B.Act.Division Bawana 13/07/2016 DBAD/PUB 250.00 488.24 ANU EN-98958 1 250.00 English Books

© Delhi Public Library
Hit Counter
free hit counter